Представление документа в формате MARC21

Поле Инд. ПП Название Значение
Тип записи a
Библиографический уровень m
001 Контрольный номер UNIDUBNA94c30d919fc74ca6bfdc0851837d49dd
005 Дата корректировки 20250318103304.1
008 Кодируемые данные 20160323
020 a ISBN 978-985-06-2340-9
040 b Код языка каталог. rus
e Правила каталог. PSBO
041 0_ a Код языка текста rus
084 a Индекс другой классификации/Индекс ББК 28.707.3я73
100 1_ a Автор Семенович А. А.
100 1_ a Автор Кубарко А. И.
100 1_ a Автор Переверзев В. А.
245 10 a Заглавие Нормальная физиология
n Номер части/ раздела Ч.1
260 b Издательство Вышэйшая школа
c Дата издания 2013
a Место издания Минск
300 a Объем 542 с.
336 a Термин вида содержания Текст
337 a Термин типа средства электронный
650 04 a Основная рубрика биология
a Основная рубрика биология человека
a Основная рубрика физиология
653 0_ a Ключевые слова возбудимые ткани
a Ключевые слова кровеносная система
a Ключевые слова синапсы
a Ключевые слова центральная нервная система
a Ключевые слова эндокринная система
655 a Жанр/ форма (устаревшее) учебное пособие
856 40 a Имя сервера/домена ЭБС Айбукс.ру
d Путь https://ibooks.ru/
i Указания/сценарий входа Доступ по логину и паролю
u URL https://ibooks.ru/products/338959
v Время доступа к ресурсу 31.12.2025
y Справочный текст Электронная версия
900 x Справочная информация Полный текст
900 a Имя электронного ресурса obl_978-985-06-2340-9
x Справочная информация Обложка
901 t Тип документа 0
952 a Тип литературы для КСУ ВШ НАУ